| 000 | 00455nam a22001577a 4500 | ||
|---|---|---|---|
| 003 | BD-DhUL | ||
| 005 | 20180905161509.0 | ||
| 008 | 180905s1801 pk ||||| |||| 00| 0 urd d | ||
| 040 |
_aBD-DhUL _cBD-DhUL |
||
| 082 |
_a891.433 _bDAS |
||
| 245 | 0 | _aداستان امیر حمزہ با تصویر / | |
| 246 | _aDāstān-e Amīr Ḥamzah bā Taṣwīr | ||
| 300 |
_aجلد ۱-۴ : _bتصویر ؛ _c۲۵ سم۔ |
||
| 650 | 4 | _aUrdu fiction. | |
| 942 |
_2ddc _cBK |
||
| 999 |
_c243293 _d243293 |
||